000 01120nam a22002777a 4500
999 _c118040
_d118040
003 dpl
005 20180919134301.0
008 180919b ||||| |||| 00| 0 eng d
010 _aB-048765
020 _c120.00
_a8170165113
035 _aB-048765, B-048772
037 _bCen Lib/Ret
040 _aDPL
_bHN
_c0
082 _a
_bगोस्वामी
100 _aगोस्वामी, अमर
_947617
245 _aअपनी अपनी दुनिया /
_cअमर गोस्वामी
246 _aApni apni duniya
_bby Amar Goswami
260 _aनई दिल्ली
_bकिताबघर प्रकाशन
_c2001
270 _a24, अंसारी रोड दरिया गंज
_bनई दिल्ली
_e110002
300 _a128पृष्ठ.
_c20सेमी(सजिल्द)
650 _aहिंदी साहित्य
_978083
650 _aहिंदी लघु कथाएं
_93597
650 _aHindi literature
_978084
650 _aHindi short stories
_929625
942 _2ddc
_cHN
_h
_mगोस्वामी